Allgemeinwissen & mehr (Teil 6) - Statistiken

Allgemein
  • Dieses Quiz wurde 200 mal gespielt
  • Das Durchschnittsergebnis liegt bei 7 aus 20
Antwortstatistiken
Frage Antwort % Korrekt
Welche einheimische Echsenart sieht aus wie eine Schlange, bringt lebende Junge zur Welt und kann trotz ihres Namens gut sehen? Blindschleiche
77%
Welche Familie der Menschenaffen trägt den wissenschaftlichen Namen "Pongo"? Orang-Utan
60%
Welches Wort mit "h" verwendet man in Bayern und Österreich für "dieses Jahr"? heuer
54%
Welche Sängerin gewann 2024 im Alter von 22 Jahren bereits ihren zweiten Oscar für den besten Filmsong? Billie Eilish
52%
Welche der Kanarischen Inseln besuchen jährlich die meisten Touristen? Teneriffa
51%
Nenne eines der beiden Länder, die 1986 der Europäischen Gemeinschaft beitraten. Portugal | Spanien
42%
Welcher Buchstabe des griechischen Alphabet sieht als Großbuchstabe aus wie ein "P"? Rho
42%
Auf dem Cover des ersten Albums welcher britischen Band ist ein Bild des brennenden Luftschiffs Hindenburg zu sehen? Led Zeppelin
40%
Anlässlich welcher Veranstaltung wurde 1958 in Brüssel das Atomium errichtet? Weltausstellung
40%
Wie werden Quecksilberlegierungen genannt, die auch häufig in der Zahnmedizin zum Einsatz kommen? Amalgam
33%
Welchem Sport ähnelt das Spiel Padel, nur dass dabei auch über Banden gespielt werden kann? Tennis
33%
Worin sitzt man, wenn man mit einem Fahrzeug der Marke Setra fährt? Bus
31%
In welchem Buch von Erich Kästner kommen Pony Hütchen und der kleine Dienstag vor? Emil und die Detektive
28%
Wer kommentierte für die ARD das Finale der Fußball-Weltmeisterschaft 2014 in Brasilien? Tom Bartels
25%
In welcher Veranstaltungsarena tragen die New York Rangers ihre Eishockey- und die New York Knicks ihre Basketballspiele aus? Madison Square Garden
24%
In welcher Sprache heißt Deutschland "Saksa"? Finnisch
22%
Wie bezeichnet man ein meist an der Stallwand angebrachtes Gestell, aus dem Tiere Heu fressen? Raufe
15%
Rote Braunschweiger und Stuttgarter Riesen sind Sorten von welchem Gemüse? Zwiebel
14%
Wie nennt man die japanische Zubereitungsart, bei der Speisen in einem Teigmantel aus Mehl, Ei und Eiswasser frittiert werden? Tempura
11%
"Étienne" ist die französische Variante welches deutschen Vornamens? Stefan
10%
Keine übereinstimmenden Quizze gefunden
Verteilung der Resultate
Anzahl Personen mit jedem Resultat
Perzentil nach korrekt beantworteten Fragen
Ihre Resultats-Entwicklung
Sie haben dieses Quiz noch nicht gespielt